| 000 | 00671cam a2200229 4500 | ||
|---|---|---|---|
| 001 | 6013 | ||
| 010 | _a9723109670 | ||
| 021 | _b183331/02 | ||
| 090 | _a6013 | ||
| 100 | _a20211231d2002 m||y0pory5003 ba | ||
| 200 | 1 |
_aÓptica _fEugene Hecht _gtrad. José Manuel N. V. Rebordão |
|
| 205 | _a2ª ed. | ||
| 210 | 9 |
_aLisboa _cFundação Calouste Gulbenkian _d2002 |
|
| 215 |
_a790, [1] p. _cil. |
||
| 304 | _aTít. orig.: Optics | ||
| 606 |
_95695 _aCiências Exatas _xFísica |
||
| 675 |
_a535 _vBN _zpor |
||
| 700 |
_aHetcht _bEugene _f1931- _95698 |
||
| 702 |
_aRebordão _bJosé Manuel N. V. _f1956- _95699 |
||
| 801 |
_aPT _bBMVN _gRPC |
||
| 830 |
_cInês Silva _d31/12/2021 |
||
| 990 | _cLIVROS | ||